000
00249 a2200097 4500
090
_c
3955
_d
3955
100
_a
Greg Manadanis
245
_a
Software Project Management Kit for Dummies
260
_a
IDG Books
_b
India
_c
2000
942
_a
NBS
_c
BK
_k
005.3 MAN
999
_c
346415
_d
346415